000 00547nam a2200181 a 4500
001 000038795
005 20201002031355.0
008 130424s2012 dr a r 000 0 spa d
020 _a9789945140989
040 _aDO-SdBNP
_bspa
_cBNPHU
082 _axxxx
_bG993s
100 1 _aGuzmán, Faustino,
_d1955-
_965100
245 1 0 _aSolo pintura /
_cFaustino Guzmán.
250 _a2a ed.
260 _aSanto Domingo :
_bCorripio,
_c2012.
300 _a254 p. :
_bil. ;
_c23 cm.
500 _aIncluye datos biográficos del autor en la solapa de la cubierta
999 _c38285
_d38285